|
|
|
|
| LEADER |
00000nam0a2200000 4500 |
| 001 |
370676 |
| 005 |
20231102012314.0 |
| 035 |
|
|
|a (RuTPU)RU\TPU\retro\28085
|
| 090 |
|
|
|a 370676
|
| 100 |
|
|
|a 20220725d1979 km y0rusy50 ca
|
| 101 |
0 |
|
|a rus
|
| 102 |
|
|
|a RU
|
| 105 |
|
|
|a a z 001zy
|
| 200 |
1 |
|
|a Дислокационные представления о резании металлов
|f В. К. Старков
|
| 210 |
|
|
|a Москва
|c Машиностроение
|d 1979
|
| 215 |
|
|
|a 160 с.
|c ил.
|
| 320 |
|
|
|a Библиогр.: с. 154-159
|
| 606 |
1 |
|
|a Резание металлов
|x Физические основы
|2 stltpush
|3 (RuTPU)RU\TPU\subj\24542
|9 48870
|
| 610 |
1 |
|
|a дислокационный анализ
|
| 610 |
1 |
|
|a пластическая деформация
|
| 610 |
1 |
|
|a дислокационный механизм
|
| 610 |
1 |
|
|a расчетные соотношения
|
| 610 |
1 |
|
|a труднообрабатываемые материалы
|
| 610 |
1 |
|
|a оптимизация
|
| 675 |
|
|
|a 621.91.01
|v 4
|
| 700 |
|
1 |
|a Старков
|b В. К.
|g Виктор Константинович
|
| 801 |
|
1 |
|a RU
|b 63413507
|c 20220725
|
| 942 |
|
|
|c BK
|